Loading...
| Current Events | 2 | 10.00 | 100% | 0% | 0% |
| Fine Arts - Classical Music | 4 | 10.00 | 100% | 0% | 0% |
| Fine Arts - Other Fine Arts | 7 | 12.86 | 100% | 29% | 0% |
| Fine Arts - Painting and Sculpture | 5 | 16.00 | 80% | 80% | 0% |
| Geography | 1 | 10.00 | 100% | 0% | 0% |
| History - American History | 5 | 14.00 | 100% | 40% | 0% |
| History - European History | 2 | 15.00 | 100% | 50% | 0% |
| History - Other History | 6 | 15.00 | 100% | 50% | 0% |
| History - World History | 3 | 13.33 | 100% | 33% | 0% |
| Literature - American Literature | 9 | 13.33 | 89% | 44% | 0% |
| Literature - British Literature | 3 | 20.00 | 100% | 100% | 0% |
| Literature - European Literature | 7 | 15.71 | 100% | 57% | 0% |
| Literature - World Literature | 7 | 14.29 | 100% | 43% | 0% |
| Mythology | 4 | 15.00 | 100% | 50% | 0% |
| Philosophy | 3 | 20.00 | 100% | 100% | 0% |
| Pop Culture | 3 | 16.67 | 100% | 67% | 0% |
| Religion | 4 | 10.00 | 100% | 0% | 0% |
| Science - Biology | 6 | 11.67 | 100% | 17% | 0% |
| Science - Chemistry | 3 | 10.00 | 100% | 0% | 0% |
| Science - Other Science | 5 | 10.00 | 60% | 40% | 0% |
| Science - Physics | 6 | 16.67 | 100% | 50% | 17% |
| Social Science | 3 | 20.00 | 100% | 33% | 67% |